Né en Hauts-de-France (sans Lille) - Statistiques

Statistiques générales
  • Ce quiz a été pris 60 fois
    12 depuis la dernière actualisation
  • Le résultat moyen est 11 sur 31
Statistiques - réponses
Indication Réponse % Correct
Ancienne enseignante et première dame de France depuis 2017 Amiens 1953 Brigitte Macron
92%
Président de France depuis 2017 Amiens 1977 Emmanuel Macron
92%
Acteur, humoriste et réalisateur, "Bienvenue chez les Ch'tis" "Rien à déclarer" "Supercondriaque" Armentières 1966 Dany Boon
75%
Actrice dans le film "La Famille Bélier" et chanteuse, "Avenir" Hénin-Beaumont 1996 Louane
75%
Corsaire célèbre pour ses exploits au service de Louis XIV Dunkerque 1650 Jean Bart
67%
Chef de l'État français du régime de Vichy de 1940 à 1944 Cauchy-à-la-Tour 1856 Philippe Pétain
67%
Écrivain, "Les Trois Mousquetaires" "Le Comte de Monte-Cristo" "La Reine Margot" Villers-Cotterêts 1802 Alexandre Dumas
50%
Footballeur international français (Inter Milan) Maubeuge 1996 Benjamin Pavard
50%
Actrice et chanteuse, "Bienvenue chez les Ch'tis" Nieppe 1928 Line Renaud
50%
L'un des principales figures de la Révolution et le personnage le plus controversé de la Révolution Arras 1758 Maximilien de Robespierre
50%
Premier ministre français de 1981 à 1984, sénateur de 1992 à 2011 et maire de Lille de 1973 à 2001 Cartignies 1928 Pierre Mauroy
50%
Chef d'entreprise de LVHM, il occupe depuis décembre 2022 la première place du classement mondial des milliardaires de Forbes Roubaix 1949 Bernard Arnault
42%
Premier ministre de France de 2016 à 2017 Senlis 1963 Bernard Cazeneuve
33%
Ancien footballeur international français (Bayern Munich et Marseille) Boulogne-sur-Mer 1983 Franck Ribéry
33%
Sélectionneuse de l'équipe de France féminine de 2017 à 2023 Croix 1974 Corinne Diacre
25%
Couturier et créateur de la marque de Givenchy Beauvais 1927 Hubert de Givenchy
25%
Ancien footballeur international français (Marseille, Bayern Munich, Milan et Bordeaux) Boulogne-sur-Mer 1963 Jean-Pierre Papin
25%
Secrétaire nationale des Écologites-EELV depuis 2022 Bois-Bernard 1986 Marine Tondelier
25%
Joueur de basket-ball français qui est désigné NBA Defensive Player of the Year à trpos reprises (Timberwolves du Minnesota) Saint-Quentin 1992 Rudy Gobert
25%
Coureur cycliste, champion du monde espoirs en 2011 champion par points du Tour d'Italie 2020 et 2022 Beauvais 1991 Arnaud Démare
17%
Ancien footballeur international camerounais (Tottenham et Lens) Arras 1984 Benoît Assou-Ekotto
17%
Peintre, "Nu bleu (souvenir de Biskra)" "Femme au chapeau" "La Joie de vivre" Le cateau-Cambrésis 1869 Henri Matisse
17%
Théologien et important réformateur Noyon 1509 Jean Calvin
17%
Ancien footballeur international français (Reims et Real Madrid) Noeux-les-Mines 1931 Raymond Kopa
17%
Ancien footballeur international français (Lille, PSG, Newcastle et Crystal Palace) Tourcoing 1986 Yohan Cabaye
17%
Réalisateur qui est connu pour avoir réalisé "Les Misérables", sorti en 2019 Roubaix 1978 Ladj Ly
8%
Chirugien cardiaque qui est connu pour avoir réalisé la première transplantation cardiaque en Europe et la première implantation de coeur artificiel en France Chézy-sur-Marne 1925 Christian Cabrol
0%
Footballeur international français (Tottenham, en prêt du Barcelone) Beauvais 1995 Clément Lenglet
0%
Physicien, l'un des précurseurs de la radio qui découvre le principe de la radioconduction Amiens 1844 Édouard Branly
0%
Économiste et le premier Français à recevoir le prix dit Nobel d'économie Calais 1921 Gérard Debreu
0%
Naturaliste, l'inventeur du mot "biologie" et un des auteurs des théories de l'évolution Bazentin 1744 Jean-Baptiste de Lamarck
0%
Aucun quiz correspondant
Distribution des résultats
% des personnes avec chaque résultat
Percentile par nombre de réponses
Votre historique - résultats
Vous n’avez pas pris ce quiz depuis la dernière actualisation